00698nam a2200217 a 450000100060000000300090000600800410001501500210005602000150007704000280009204100130012008200180013310000160015124501330016725000120030026000400031230000290035250000220038165000340040370000430043726296CO-ViMGA141112s2004 ck r 000 u spa d ack - 2004 - xxxx a9583016950 aCO-ViMGAbspacCO-ViMGA aspabeng04aI808.068 M14n1 aMalam, John10aNo te gustaría ser prisionero de piratas! / cJohn Malam ; ilustrado por David Antram ; creado y diseñado por David Salariya a1a. ed. aBogotá : bPanAméricana, c2005 a32 p. : il. col. ; 25 cm aIncluye glosario.14aPiratas - Literatura infantil1 aAntram, David, 1958 - , ilustrador il.